| 000 | 00598nam a2200181Ia 4500 | ||
|---|---|---|---|
| 003 | GCL | ||
| 008 | 140319s9999 xx 000 0 ara d | ||
| 040 |
_aGCL / _cGCL |
||
| 082 | 0 | 4 |
_a320.5315 _bس م |
| 100 | 1 | _aعبدالمنعم الحفنى | |
| 245 | 1 | 0 |
_aالماركسية والثورة (هدية من الاديب عبدالفتاح الجمل) / _cعبدالمنعم الحفنى |
| 700 | 1 | _aسارتر ، جان بول | |
| 300 | _a88 | ||
| 490 |
_aالهيئة العامة للاستعلامات _v0 |
||
| 650 | 0 | 4 | _aالماركسية |
| 650 | 0 | 4 | _aالثورات |
| 942 |
_2ddc _cBK |
||
| 999 |
_c46848 _d46848 |
||